000 00629nam a2200205Ia 4500
003 OSt
005 20220925204736.0
006 a|||||r|||| 00| 0
007 ta
008 220923b |||||||| |||| 00| 0 eng d
037 _cGeneral Book
040 _aRTL
_cRTL
_beng
041 _2eng
_aeng
082 _aY:5.236sN81, M1.5- IX-(ii)
100 _aCensus of India, 1981
245 0 _aSpecial tables for scheduled tribes. Gujrat. V. 5, Pt. IX-(ii)
260 _aGujrat
_bGovt. Press
_c1981
942 _hY:5.236sN81, M1.5- IX-(ii)
_cGB
_2CC
999 _c550287
_d550287